000 00590nam a22001697a 4500
003 NUST
038 _aNusrat Nadeem
082 _a200
100 _aJadoon, Ruqia
_9120166
245 _aASSESSING THE SOCIAL AND ECONOMIC IMPACT OF STONE QUARRYING ON RURAL COMMUNITIES OF ABBOTTABAD DISTRICT, PAKISTAN/
_cRuqia Jadoon
264 _aIslamabad,
_bS3H NUST,
_c2023.
300 _aill:
_b66,p:
_c30,cm.
650 _aMS-Development Studies
_9123041
700 _aSupervisor: Dr. MUHAMMAD AMMAD KHAN
_9118391
856 _u http://10.250.8.41:8080/xmlui/handle/123456789/40761
942 _2ddc
_cSC
999 _c607586
_d607586